Light, air & openness : (Record no. 353660)

000 -LEADER
fixed length control field 01270cam a22003497a 4500
001 - CONTROL NUMBER
control field 15362011
003 - CONTROL NUMBER IDENTIFIER
control field OSt
005 - DATE AND TIME OF LATEST TRANSACTION
control field 20180116192414.0
008 - FIXED-LENGTH DATA ELEMENTS--GENERAL INFORMATION
fixed length control field 080710s2007 enka b 001 0 eng
010 ## - LIBRARY OF CONGRESS CONTROL NUMBER
LC control number 2008298005
015 ## - NATIONAL BIBLIOGRAPHY NUMBER
National bibliography number GBA788245
Source bnb
016 7# - NATIONAL BIBLIOGRAPHIC AGENCY CONTROL NUMBER
Record control number 014235267
Source Uk
020 ## - INTERNATIONAL STANDARD BOOK NUMBER
International Standard Book Number 9780500342428 (hbk.)
020 ## - INTERNATIONAL STANDARD BOOK NUMBER
International Standard Book Number 0500342423 (hbk.)
035 ## - SYSTEM CONTROL NUMBER
System control number (OCoLC)ocn180471343
040 ## - CATALOGING SOURCE
Original cataloging agency UKM
Transcribing agency UKM
Modifying agency BAKER
-- BTCTA
-- YDXCP
-- BWKUK
-- BWK
-- BWX
-- DLC
042 ## - AUTHENTICATION CODE
Authentication code lccopycat
050 00 - LIBRARY OF CONGRESS CALL NUMBER
Classification number NA680
Item number .O94 2007
082 04 - DEWEY DECIMAL CLASSIFICATION NUMBER
Classification number 724.6
Edition number 22
100 1# - MAIN ENTRY--PERSONAL NAME
Personal name Overy, Paul,
Dates associated with a name 1940-2008.
9 (RLIN) 6380
245 10 - TITLE STATEMENT
Title Light, air & openness :
Remainder of title modern architecture between the wars /
Statement of responsibility, etc. Paul Overy.
246 3# - VARYING FORM OF TITLE
Title proper/short title Light, air and openness
260 ## - PUBLICATION, DISTRIBUTION, ETC.
Place of publication, distribution, etc. London :
Name of publisher, distributor, etc. Thames & Hudson,
Date of publication, distribution, etc. 2007.
300 ## - PHYSICAL DESCRIPTION
Extent 256 p. :
Other physical details ill. ;
Dimensions 26 cm.
504 ## - BIBLIOGRAPHY, ETC. NOTE
Bibliography, etc. note Includes bibliographical references (p. 223-250) and index.
650 #0 - SUBJECT ADDED ENTRY--TOPICAL TERM
Topical term or geographic name entry element Architecture, Modern
Chronological subdivision 20th century.
9 (RLIN) 6381
856 41 - ELECTRONIC LOCATION AND ACCESS
Materials specified Table of contents only
Uniform Resource Identifier <a href="http://www.loc.gov/catdir/toc/fy0805/2008298005.html">http://www.loc.gov/catdir/toc/fy0805/2008298005.html</a>
906 ## - LOCAL DATA ELEMENT F, LDF (RLIN)
a 7
b cbc
c copycat
d 2
e ncip
f 20
g y-gencatlg
942 ## - ADDED ENTRY ELEMENTS (KOHA)
Source of classification or shelving scheme
Koha item type Book
Holdings
Withdrawn status Lost status Source of classification or shelving scheme Damaged status Not for loan Permanent Location Current Location Date acquired Total Checkouts Full call number Barcode Date last seen Copy number Cost, replacement price Price effective from Koha item type
          School of Art Design and Architecture (SADA) School of Art Design and Architecture (SADA) 08/27/2012   724.6 OVE 2007 SADA0001834 01/05/2017 1 2620.00 01/05/2017 Book
© 2023 Central Library, National University of Sciences and Technology. All Rights Reserved.